[Event "Women's Speed Chess Q3"]
[Site "chess.com INT"]
[Date "2021.05.30"]
[Round "18"]
[White "Obregon Garcia, Roxangel"]
[Black "Dordzhieva, Dinara"]
[Result "1-0"]
[WhiteTitle "WIM"]
[BlackTitle "WGM"]
[WhiteElo "2167"]
[BlackElo "2334"]
[WhiteFideId "3520420"]
[BlackFideId "24157570"]
[EventDate "2021.05.30"]

1. e4 c5 2. Nf3 d6 3. d4 cxd4 4. Qxd4 Nf6 5. h3 Nc6 6. Qe3 g6 7. Be2 Bg7 8. O-O
O-O 9. Rd1 Qc7 10. c4 Nd7 11. Nc3 Nce5 12. b3 Nxf3+ 13. Bxf3 Ne5 14. Be2 Be6 15.
Bb2 a6 16. Rac1 Rac8 17. f4 Nc6 18. Nd5 Qd8 19. Bxg7 Kxg7 20. Nb6 Rb8 21. e5 Kg8
22. Bf3 Qc7 23. exd6 exd6 24. Nd5 Qd8 25. Qc3 f6 26. Re1 Bxd5 27. Bxd5+ Kg7 28.
Re6 Qb6+ 29. Kh1 Nd4 30. Re7+ Kh8 31. Rce1 Nf5 32. R7e6 Kg7 33. g4 Nd4 34. Re7+
Kh8 35. Qg3 g5 36. Qe3 Qc5 37. fxg5 Nc6 38. Qe4 Nxe7 39. Qxe7 Qf2 40. gxf6 Qxf6
41. Qe4 Rbe8 42. Qxe8 Rxe8 43. Rxe8+ Kg7 44. Rg8+ Kh6 45. g5+ Qxg5 46. Rxg5 Kxg5
47. Kg2 Kf4 48. Kf2 h5 49. Bxb7 a5 50. a3 Ke5 51. b4 axb4 52. axb4 Kd4 53. Bd5
h4 54. b5 Kc5 55. Kf3 Kb6 56. Kg4 Kc5 57. Kxh4 Kb6 58. Kg5 Kc5 59. h4 Kb6 60. h5
Kc5 61. h6 Kb6 62. h7 Kc5 63. h8=Q Kb4 64. Qb8 Kc5 65. b6 Kb4 66. b7 Ka5 67. Qc8
Ka4 68. b8=Q Ka3 69. Qa6# 1-0

[Event "Women's Speed Chess Q3"]
[Site "chess.com INT"]
[Date "2021.05.30"]
[Round "18"]
[White "Vo, Thi Kim Phung"]
[Black "Pourkashiyan, Atousa"]
[Result "1-0"]
[WhiteTitle "WGM"]
[BlackTitle "WGM"]
[WhiteElo "2335"]
[BlackElo "2322"]
[WhiteFideId "12401838"]
[BlackFideId "12502014"]
[EventDate "2021.05.30"]

1. d4 Nf6 2. c4 e6 3. Nc3 Bb4 4. Qc2 O-O 5. Nf3 b6 6. e4 Bxc3+ 7. bxc3 d5 8. e5
Ne4 9. Bd3 Bb7 10. Nd2 Nxd2 11. Bxd2 h6 12. O-O dxc4 13. Bxc4 c5 14. dxc5 Qc7
15. Rfe1 Nd7 16. Bf1 Nxc5 17. Bf4 Rac8 18. Re3 Rfd8 19. h4 Nd7 20. Rg3 Kh8 21.
Re1 Nf8 22. Qc1 Kh7 23. Bd3+ Rxd3 24. Rxd3 Ng6 25. Bg3 Qc6 26. f3 Qc4 27. Rd7
Rc7 28. Rxc7 Qxc7 29. Qe3 Bd5 30. Qd3 Kh8 31. c4 Bxc4 32. Qd2 b5 33. Kh2 a5 34.
Rd1 Kh7 35. Qc2 Qc5 36. h5 a4 37. hxg6+ fxg6 38. Qd2 h5 39. Rc1 Qa3 40. Rc3 Qc5
41. Qc2 h4 42. Bxh4 Qxe5+ 43. Bg3 Qh5+ 44. Kg1 Qd5 45. Bf2 Bxa2 46. Rc5 Qb3 47.
Qxb3 axb3 48. Rxb5 b2 49. Rxb2 Bd5 50. Rd2 g5 51. Be3 Kg6 52. Kf2 Kf5 53. Rd4
Bc6 54. g4+ Kf6 55. Rd6 g6 56. Rxc6 Ke5 57. Ra6 Kd5 58. Ra5+ Kc4 59. Rxg5 Kc3
60. Rxg6 Kd3 61. Rxe6 Kc4 62. Re4+ Kd3 63. g5 Kc2 64. g6 Kd1 65. g7 Kc2 66. g8=Q
Kd3 1-0

[Event "Women's Speed Chess Q3"]
[Site "chess.com INT"]
[Date "2021.05.30"]
[Round "18"]
[White "Luong, Phuong Hanh"]
[Black "Shuvalova, Polina"]
[Result "0-1"]
[WhiteTitle "WIM"]
[BlackTitle "IM"]
[WhiteElo "2229"]
[BlackElo "2484"]
[WhiteFideId "12401013"]
[BlackFideId "24171760"]
[EventDate "2021.05.30"]

1. d4 Nf6 2. Nf3 e6 3. e3 b6 4. Bd3 Bb7 5. O-O c5 6. c4 cxd4 7. exd4 d5 8. Nc3
dxc4 9. Bxc4 Be7 10. Ne5 O-O 11. h3 Nc6 12. Be3 Rc8 13. Bb5 Qc7 14. Bf4 Nxe5 15.
Bxe5 Qd8 16. Rc1 a6 17. Bd3 b5 18. a3 Qb6 19. Qe2 Rfd8 20. Ne4 Bxe4 21. Bxe4
Nxe4 22. Qxe4 a5 23. Qg4 g6 24. Qf4 Qb7 25. h4 Rxc1 26. Rxc1 Rc8 27. h5 Rxc1+
28. Qxc1 Qd7 29. Qf4 b4 30. axb4 axb4 31. h6 f5 32. Qc1 Kf7 33. Qa1 Bf6 34. Qa5
Bxe5 35. Qxe5 Ke7 36. Qc5+ Qd6 37. Qa7+ Qd7 38. Qb6 Qd6 39. Qb7+ Qd7 40. Qb6 b3
41. Qc5+ Kf7 42. Qe5 Ke7 43. Qc5+ Qd6 44. Qc4 Kf6 45. Qa4 Qd5 46. Qb4 Qe4 47.
Qc4 Qe1+ 48. Kh2 Qxf2 49. d5 exd5 50. Qxd5 Qh4+ 51. Kg1 Qe1+ 52. Kh2 Qe5+ 53.
Qxe5+ Kxe5 54. Kg3 Ke4 55. Kf2 f4 0-1

[Event "Women's Speed Chess Q3"]
[Site "chess.com INT"]
[Date "2021.05.30"]
[Round "18"]
[White "Mohota, Nisha"]
[Black "Swati, Mohota"]
[Result "1-0"]
[WhiteTitle "IM"]
[BlackTitle "WFM"]
[WhiteElo "2195"]
[BlackElo "2027"]
[WhiteFideId "5004330"]
[BlackFideId "5006511"]
[EventDate "2021.05.30"]

1. b3 e5 2. Bb2 d6 3. c4 f6 4. e3 Be6 5. d4 Ne7 6. Bd3 Bf5 7. Ne2 Bxd3 8. Qxd3
Qd7 9. Nbc3 Qf5 10. e4 Qg6 11. Nb5 Na6 12. g3 Nb4 13. Qf3 Kd7 14. O-O a6 15.
Nbc3 Nc2 16. Rad1 Nxd4 17. Nxd4 exd4 18. Rxd4 Nc6 19. Rd2 Ne5 20. Qe2 Qg4 21. f3
Qh3 22. f4 Ng4 23. Rd3 Re8 24. Qg2 Qxg2+ 25. Kxg2 h5 26. Nd5 Be7 27. h3 Nh6 28.
Rfd1 Bd8 29. c5 Kc8 30. cxd6 cxd6 31. Nc3 Bc7 32. Ba3 f5 33. exf5 Nxf5 34. Kf3
Rhf8 35. Nd5 g5 36. Rc3 Rf7 37. Rdc1 gxf4 38. Rxc7+ Rxc7 39. Rxc7+ Kb8 40. gxf4
Nd4+ 41. Kg3 Nb5 42. Rg7 Nxa3 43. Nb6 Nb5 44. Kh4 Nd4 45. Kxh5 Nf5 46. Rf7 Ng3+
47. Kg4 Ne2 48. f5 d5 49. f6 d4 50. Rd7 Rg8+ 51. Kf5 Nc1 52. f7 d3 53. fxg8=Q+
Ka7 54. Nc8+ Kb8 55. Nd6+ Ka7 56. Qc8 Ne2 57. Qxb7# 1-0

[Event "Women's Speed Chess Q3"]
[Site "chess.com INT"]
[Date "2021.05.30"]
[Round "18"]
[White "Cori T., Deysi"]
[Black "Padmini, Rout"]
[Result "0-1"]
[WhiteTitle "WGM"]
[BlackTitle "IM"]
[WhiteElo "2388"]
[BlackElo "2370"]
[WhiteFideId "3801934"]
[BlackFideId "5029295"]
[EventDate "2021.05.30"]

1. d4 Nf6 2. Nf3 c5 3. e3 d5 4. b3 e6 5. Bb2 b6 6. Bd3 Bb7 7. O-O Nbd7 8. Qe2
Be7 9. Nbd2 O-O 10. Rfd1 Ne4 11. c4 f5 12. Rac1 Bd6 13. cxd5 exd5 14. dxc5 bxc5
15. Ba6 Bxa6 16. Qxa6 Nb6 17. a4 Qe7 18. a5 Nd7 19. Qc6 Ndf6 20. Bxf6 Nxf6 21.
Nb1 Rfd8 22. Nc3 Bc7 23. Nxd5 Nxd5 24. Rxd5 Bxa5 25. Rdxc5 Bb6 26. Re5 Qf7 27.
Qc4 g6 28. Re7 Qxc4 29. bxc4 Rac8 30. Ng5 Rc6 31. h4 Rdc8 32. Ne4 fxe4 33. Rxe4
R8c7 34. h5 Kg7 35. hxg6 hxg6 36. g4 a5 37. Kg2 a4 38. g5 a3 39. Ra1 Bc5 40. f4
Bf8 41. Kf3 Rxc4 42. Re6 R7c6 43. Re8 Rc8 44. Re6 Rc1 45. Ra2 R8c2 46. Rxc2 Rxc2
47. Ra6 a2 48. Ra7+ Kg8 49. Ra8 Kf7 50. Ke4 Bb4 51. Kd3 Rb2 52. e4 Be1 53. f5
Rg2 54. Ra7+ Kf8 55. fxg6 Bg3 56. g7+ Kg8 57. Kc4 Be5 58. Kd5 a1=Q 59. Rxa1 Bxa1
60. e5 Kxg7 61. Ke6 Rxg5 62. Kd6 Rxe5 63. Kd7 Re1 0-1

[Event "Women's Speed Chess Q3"]
[Site "chess.com INT"]
[Date "2021.05.30"]
[Round "18"]
[White "Nguyen, Thi Mai Hung"]
[Black "Linares Napoles, Oleiny"]
[Result "0-1"]
[WhiteTitle "WGM"]
[BlackTitle "WGM"]
[WhiteElo "2254"]
[BlackElo "2255"]
[WhiteFideId "12401676"]
[BlackFideId "3504794"]
[EventDate "2021.05.30"]

1. d4 Nf6 2. Nf3 g6 3. Bf4 Bg7 4. e3 d6 5. h3 O-O 6. Be2 Nfd7 7. O-O Nc6 8. Bh2
e5 9. c4 e4 10. Nfd2 f5 11. Nc3 Ne7 12. Qb3 Kh8 13. Rac1 g5 14. Rfd1 Ng6 15. Nf1
Qe7 16. Nd5 Qd8 17. c5 c6 18. cxd6 cxd5 19. Qxd5 Nb6 20. Qc5 Bd7 21. Qc7 Bc6 22.
b4 Rc8 23. Qxd8 Rcxd8 24. b5 Bd5 25. Rc7 Rd7 26. a3 Rfd8 27. Nd2 Bf8 28. Rdc1
Bxd6 29. Bxd6 Rxd6 30. Nc4 Nxc4 31. Bxc4 Bxc4 32. R1xc4 R6d7 33. a4 Ne7 34. a5
Nd5 35. Rxd7 Rxd7 36. Rc8+ Kg7 37. Kf1 Kf6 38. Ke2 Ke6 39. Kd2 Kd6 40. Rg8 h6
41. Rg6+ Ke7 42. Rxh6 Nf6 43. Rg6 g4 44. h4 Kf7 45. Rg5 Rd5 46. a6 bxa6 47. bxa6
Ra5 48. h5 Rxa6 49. Rxf5 Ra2+ 50. Kc3 Ke6 51. Re5+ Kd6 52. Rf5 Ke6 53. Re5+ Kf7
54. Rf5 a5 55. Kb3 Ra1 56. h6 Kg6 57. Rf4 a4+ 58. Kc4 Rb1 59. d5 a3 60. f3 a2
61. h7 Kxh7 62. Rxf6 a1=Q 63. Rf4 Rc1+ 0-1

[Event "Women's Speed Chess Q3"]
[Site "chess.com INT"]
[Date "2021.05.30"]
[Round "18"]
[White "Nguyen, Thi Thanh An"]
[Black "Nomin-Erdene, Davaademberel"]
[Result "0-1"]
[WhiteTitle "WGM"]
[BlackTitle "IM"]
[WhiteElo "2259"]
[BlackElo "2382"]
[WhiteFideId "12400300"]
[BlackFideId "4900782"]
[EventDate "2021.05.30"]

1. d4 f5 2. g3 Nf6 3. Bg2 g6 4. c3 Bg7 5. Nh3 Nc6 6. O-O O-O 7. Nd2 d6 8. Nf3 e5
9. dxe5 dxe5 10. Qb3+ Kh8 11. Nhg5 Qe7 12. h4 e4 13. Nd4 Nxd4 14. cxd4 c6 15. e3
h6 16. Nh3 Be6 17. Qc2 Nd5 18. Bd2 Rac8 19. a3 c5 20. dxc5 Rxc5 21. Qb1 Rfc8 22.
Rd1 Rc2 23. Nf4 Nxf4 24. exf4 Rxb2 25. Bb4 Qe8 26. Qc1 Rxc1 27. Raxc1 b6 28. Rc7
a5 29. Bd6 Bb3 30. Rdc1 Be6 31. Rxg7 Kxg7 32. Be5+ Kg8 33. Bxb2 Qb5 34. Be5 Bc4
35. h5 gxh5 36. Bh3 Be6 37. Bf1 Qd5 38. Rc7 b5 39. Rg7+ Kf8 40. Rh7 Qc5 41. Rxh6
Ke7 42. Rh7+ Ke8 43. Rh8+ Ke7 44. Rh7+ Bf7 45. Rh6 b4 46. axb4 axb4 47. Bh3 b3
48. Bxf5 Qc1+ 49. Kh2 b2 50. Bf6+ Ke8 51. Rh8+ Bg8 52. Rxg8+ Kf7 53. Rb8 b1=Q
54. Rxb1 Qxb1 55. Be5 Qc2 56. Bd4 Qe2 57. Be3 Qd3 58. Kh3 Ke7 59. Kh4 Qe2 60.
Kg5 Qf3 61. Bg6 h4 62. gxh4 Qg2+ 63. Kh6 Kf6 64. Bxe4 Qxe4 65. Kh5 Qg6# 0-1

[Event "Women's Speed Chess Q3"]
[Site "chess.com INT"]
[Date "2021.05.30"]
[Round "18"]
[White "Osmak, Iulija"]
[Black "Mkrtchian, Lilit"]
[Result "0-1"]
[WhiteTitle "IM"]
[BlackTitle "IM"]
[WhiteElo "2425"]
[BlackElo "2388"]
[WhiteFideId "14101602"]
[BlackFideId "13300601"]
[EventDate "2021.05.30"]

1. b4 e5 2. Bb2 Bxb4 3. Bxe5 Nf6 4. e3 O-O 5. Nf3 Nc6 6. Bb2 d5 7. Be2 Re8 8.
O-O Bf5 9. d3 Bf8 10. Nbd2 Nd7 11. c4 dxc4 12. Nxc4 Bg6 13. Rc1 f6 14. Qb3 Bf7
15. Qc2 Nb6 16. d4 Kh8 17. Rfd1 Nb4 18. Qb3 a5 19. a3 Nc6 20. Qc2 Nd5 21. Bd3
Bg8 22. Nh4 Qd7 23. Bf5 Qf7 24. Nd2 Rad8 25. Bd3 Nb6 26. Nf5 Qh5 27. Ng3 Qf7 28.
Nf3 Bd6 29. Qd2 Qf8 30. Nf5 Bxa3 31. Bxa3 Qxa3 32. Ra1 Qb4 33. Qc2 Qf8 34. Rdb1
Nb4 35. Qc3 Nxd3 36. Qxd3 Bf7 37. Rxa5 Bg6 38. e4 Bxf5 39. Rxf5 Qe7 40. e5 Nd5
41. Rh5 g6 42. Rh4 Qg7 43. Rd1 fxe5 44. Nxe5 Nf6 45. Qb1 Qf8 46. Rh3 Qg7 47. Rf3
Nd5 48. Rfd3 Rf8 49. Rf3 c6 50. Rxf8+ Rxf8 51. h3 Re8 52. Rd2 Kg8 53. Qd1 Qf6
54. Qf3 Qxf3 55. Nxf3 Nf4 56. Rb2 Rd8 57. Rxb7 Ne2+ 58. Kh2 Nxd4 59. Ne5 Re8 60.
Nf7 Kg7 61. Ng5+ Kf6 62. Nxh7+ Kf5 63. g4+ Kf4 64. Kg2 Ne6 65. Nf6 Rf8 66. Nd7
Rd8 67. Nb6 c5 68. Rf7+ Ke5 69. Nc4+ Kd4 70. Ne3 c4 71. Rf6 Nc5 72. Rxg6 Kd3 73.
Rc6 Ne4 74. Rxc4 Rf8 0-1

[Event "Women's Speed Chess Q3"]
[Site "chess.com INT"]
[Date "2021.05.30"]
[Round "18"]
[White "Ramirez, Maria Eugenia"]
[Black "Nandhidhaa, P V"]
[Result "0-1"]
[WhiteTitle "WFM"]
[BlackTitle "WGM"]
[WhiteElo "2057"]
[BlackElo "2365"]
[WhiteFideId "3301680"]
[BlackFideId "5050847"]
[EventDate "2021.05.30"]

1. e4 c5 2. c3 Nf6 3. e5 Nd5 4. g3 Nc6 5. Bg2 e6 6. Nf3 d6 7. exd6 Bxd6 8. O-O
O-O 9. d4 cxd4 10. Nxd4 Bd7 11. Re1 Nxd4 12. Qxd4 Bc6 13. Nd2 Rc8 14. Ne4 Be7
15. Be3 a6 16. Rad1 Nxe3 17. Qxe3 Qa5 18. a3 Rfd8 19. h4 h6 20. Rd4 Rxd4 21.
Qxd4 Rd8 22. Qe3 Qb5 23. Qe2 Qxe2 24. Rxe2 Rd1+ 25. Kh2 f5 26. Nd2 Bxg2 27. Kxg2
Kf7 28. Nf3 Bf6 29. Ne5+ Bxe5 30. Rxe5 Rd2 31. b4 Ra2 32. Rc5 Rxa3 33. Rc7+ Kf6
34. c4 b5 35. c5 Rb3 36. Ra7 Rxb4 37. Rxa6 Rc4 38. Rb6 Rxc5 39. h5 Kg5 40. Rb7
Kf6 41. f4 Rd5 42. Kf3 Rc5 43. Ke3 e5 44. Rb6+ Kf7 45. fxe5 Rxe5+ 46. Kf4 Rc5
47. Rb7+ Kf6 48. Rb6+ Kf7 49. Rb7+ Kg8 50. Rb8+ Kh7 51. Rb7 Rc4+ 52. Kxf5 Rc5+
53. Kg4 Kg8 54. Kh4 Rg5 55. g4 Kf8 56. Kg3 Ke8 57. Kf4 Kd8 58. Rb6 Kc7 59. Re6
b4 60. Re4 Rb5 61. Re2 b3 62. Rb2 Kd6 63. Ke4 Kc5 64. Kd3 Kb4 65. Kd4 Ka3 66.
Rf2 b2 67. Rf3+ Ka2 68. Kc4 Rg5 69. Rf2 Ka1 70. Rf3 b1=Q 71. Ra3+ Qa2+ 72. Rxa2+
Kxa2 0-1

[Event "Women's Speed Chess Q3"]
[Site "chess.com INT"]
[Date "2021.05.30"]
[Round "19"]
[White "Nguyen, Hong Anh"]
[Black "Obregon Garcia, Roxangel"]
[Result "1-0"]
[WhiteTitle "WIM"]
[BlackTitle "WIM"]
[WhiteElo "1993"]
[BlackElo "2167"]
[WhiteFideId "12406732"]
[BlackFideId "3520420"]
[EventDate "2021.05.30"]

1. d4 d5 2. c4 c6 3. Nf3 Nf6 4. Qc2 e6 5. g3 Nbd7 6. Nbd2 Bd6 7. Bg2 O-O 8. O-O
Re8 9. e4 dxe4 10. Nxe4 Nxe4 11. Qxe4 Nf6 12. Qe2 c5 13. Rd1 Qe7 14. Bg5 cxd4
15. Nxd4 h6 16. Bxf6 Qxf6 17. Nb5 Bc5 18. Nc7 Bd7 19. Rxd7 1-0

[Event "Women's Speed Chess Q3"]
[Site "chess.com INT"]
[Date "2021.05.30"]
[Round "19"]
[White "Tarasova, Viktoriya"]
[Black "Putri, Regita Desyari"]
[Result "0-1"]
[WhiteTitle "WIM"]
[BlackTitle "WFM"]
[WhiteElo "2226"]
[BlackElo "1897"]
[WhiteFideId "4175840"]
[BlackFideId "7109083"]
[EventDate "2021.05.30"]

1. d4 Nf6 2. c4 e6 3. Nc3 Bb4 4. Nf3 b6 5. e3 Bb7 6. Bd3 O-O 7. O-O c5 8. a3
Bxc3 9. bxc3 d6 10. Nd2 Nbd7 11. e4 e5 12. d5 Qe7 13. f3 Ne8 14. Re1 g6 15. Nf1
f5 16. exf5 gxf5 17. Qc2 Ng7 18. Ng3 Qf7 19. f4 e4 20. Bd2 exd3 21. Bc1 dxc2 22.
Bd2 Rae8 0-1

[Event "Women's Speed Chess Q3"]
[Site "chess.com INT"]
[Date "2021.05.30"]
[Round "19"]
[White "Nandhidhaa, P V"]
[Black "Chu, Ruotong"]
[Result "1-0"]
[WhiteTitle "WGM"]
[BlackTitle "WIM"]
[WhiteElo "2365"]
[BlackElo "2207"]
[WhiteFideId "5050847"]
[BlackFideId "8605653"]
[EventDate "2021.05.30"]

1. b3 d5 2. Bb2 Nf6 3. g3 g6 4. Bg2 Bg7 5. Nf3 O-O 6. O-O c5 7. d3 Nc6 8. Nbd2
d4 9. e3 e5 10. exd4 exd4 11. Re1 Nd5 12. Ne4 1-0

[Event "Women's Speed Chess Q3"]
[Site "chess.com INT"]
[Date "2021.05.30"]
[Round "19"]
[White "Von Herman, Brigitte"]
[Black "Golubenko, Valentina"]
[Result "0-1"]
[WhiteTitle "WFM"]
[BlackTitle "WGM"]
[WhiteElo "1991"]
[BlackElo "2209"]
[WhiteFideId "4628730"]
[BlackFideId "4501993"]
[EventDate "2021.05.30"]

1. e4 g6 2. d4 Bg7 3. c3 c5 4. Nf3 cxd4 5. cxd4 d5 6. exd5 Nf6 7. Nc3 O-O 8. Qb3
Nbd7 9. Bd3 Nb6 10. O-O Nbxd5 11. Bg5 Be6 12. Qa3 Qb6 13. h3 a6 14. Rfe1 Qb4 15.
Qxb4 Nxb4 16. Bf1 Nc2 17. a3 Nxa1 18. Rxa1 Nd5 19. Nxd5 Bxd5 20. Be2 Rfc8 21.
Bxe7 Re8 22. Bg5 Rxe2 0-1

[Event "Women's Speed Chess Q3"]
[Site "chess.com INT"]
[Date "2021.05.30"]
[Round "19"]
[White "Batsiashvili, Nino"]
[Black "Osmak, Iulija"]
[Result "0-1"]
[WhiteTitle "GM"]
[BlackTitle "IM"]
[WhiteElo "2491"]
[BlackElo "2425"]
[WhiteFideId "13602993"]
[BlackFideId "14101602"]
[EventDate "2021.05.30"]

1. d4 d6 2. Nf3 Bg4 3. g3 Bxf3 4. exf3 c6 5. Bg2 e6 6. f4 Nf6 7. O-O d5 8. Re1
Be7 9. Nd2 O-O 10. Nf3 Nbd7 11. Ne5 c5 12. dxc5 Nxc5 13. c3 Rc8 14. Be3 b6 15.
Bd4 Nce4 16. Qe2 Bc5 17. Rad1 Qc7 18. h4 h6 19. h5 Rfd8 20. Qf3 Nd6 21. g4 Bxd4
22. Rxd4 Nh7 23. Qg3 Nf6 24. g5 Nf5 25. Qh4 Nxh4 0-1

[Event "Women's Speed Chess Q3"]
[Site "chess.com INT"]
[Date "2021.05.30"]
[Round "19"]
[White "Vine, Elzbieta"]
[Black "Ramirez, Maria Eugenia"]
[Result "0-1"]
[WhiteTitle "WFM"]
[BlackTitle "WFM"]
[WhiteElo "2138"]
[BlackElo "2057"]
[WhiteFideId "1119320"]
[BlackFideId "3301680"]
[EventDate "2021.05.30"]

1. e4 e5 2. Nf3 Nc6 3. Bc4 Nf6 4. d4 exd4 5. O-O Nxe4 6. Re1 d5 7. Bd3 Bf5 8.
Nbd2 Be7 9. Nxe4 Bxe4 10. Bxe4 dxe4 11. Rxe4 O-O 12. h4 Bf6 13. Ng5 h6 14. Qh5
Qd5 0-1

[Event "Women's Speed Chess Q3"]
[Site "chess.com INT"]
[Date "2021.05.30"]
[Round "19"]
[White "Havanecz, Bianka"]
[Black "Mohota, Nisha"]
[Result "0-1"]
[WhiteTitle "WIM"]
[BlackTitle "IM"]
[WhiteElo "2257"]
[BlackElo "2195"]
[WhiteFideId "704814"]
[BlackFideId "5004330"]
[EventDate "2021.05.30"]

1. d4 Nf6 2. c4 e6 3. Nc3 d5 4. Nf3 Be7 5. g3 O-O 6. Bg2 dxc4 7. O-O Nc6 8. e4
a6 9. a4 Rb8 10. e5 Nd5 11. Ne4 b5 12. h4 Ncb4 13. Nfg5 h6 14. Nf3 Nd3 15. Qe2
Nxc1 16. Rfxc1 Bb7 17. Kh2 Nb4 18. axb5 axb5 19. Rg1 Nd3 20. b3 Bd5 21. Kh3 Bxe4
22. Qxe4 Nxf2+ 0-1

[Event "Women's Speed Chess Q3"]
[Site "chess.com INT"]
[Date "2021.05.30"]
[Round "19"]
[White "Novikova, Anna"]
[Black "Froewis, Annika"]
[Result "1-0"]
[WhiteTitle "WIM"]
[BlackTitle "WFM"]
[WhiteElo "2247"]
[BlackElo "2143"]
[WhiteFideId "4146794"]
[BlackFideId "1621432"]
[EventDate "2021.05.30"]

1. e4 e6 2. d4 d5 3. Nc3 dxe4 4. Nxe4 Nf6 5. Bd3 Be7 6. Nf3 a6 7. Qe2 O-O 8. Bg5
Nbd7 9. O-O-O b5 10. Bxf6 gxf6 11. Ng3 f5 12. d5 Bb7 13. dxe6 fxe6 14. Qxe6+ Kh8
15. Bxf5 Bg5+ 16. Kb1 Qf6 17. Nxg5 1-0

[Event "Women's Speed Chess Q3"]
[Site "chess.com INT"]
[Date "2021.05.30"]
[Round "19"]
[White "Paehtz, Elisabeth"]
[Black "Mkrtchian, Lilit"]
[Result "0-1"]
[WhiteTitle "IM"]
[BlackTitle "IM"]
[WhiteElo "2456"]
[BlackElo "2388"]
[WhiteFideId "4641833"]
[BlackFideId "13300601"]
[EventDate "2021.05.30"]

1. d4 Nf6 2. Nf3 d6 3. c3 g6 4. Bg5 Bg7 5. Nbd2 O-O 6. e4 Nbd7 7. Bd3 h6 8. Bh4
Nh5 9. Bg3 Qe8 10. Qe2 e5 11. dxe5 dxe5 12. Bb5 c6 13. Ba4 Qe7 14. Bc2 a5 15. a4
Nc5 16. Nc4 Nxg3 17. hxg3 Bg4 18. Qe3 h5 19. Nfd2 Be6 20. b4 axb4 21. cxb4 Nxa4
22. Rxa4 Rxa4 23. Bxa4 Bxc4 24. Nxc4 Qxb4+ 25. Nd2 Qxa4 26. O-O Qd4 27. Qe2 Rd8
28. Nf3 Qd3 29. Qb2 Qxe4 30. Qxb7 Qd5 31. Qc7 e4 32. Ng5 Qxg5 33. Qxc6 e3 0-1

[Event "Women's Speed Chess Q3"]
[Site "chess.com INT"]
[Date "2021.05.30"]
[Round "19"]
[White "Nguyen, Thi Thanh An"]
[Black "Kanyamarala, Trisha"]
[Result "0-1"]
[WhiteTitle "WGM"]
[BlackTitle "WIM"]
[WhiteElo "2259"]
[BlackElo "2180"]
[WhiteFideId "12400300"]
[BlackFideId "45004722"]
[EventDate "2021.05.30"]

1. d4 Nf6 2. Bf4 d5 3. e3 e6 4. Nf3 c5 5. c3 Nc6 6. Nbd2 Bd6 7. Bg5 h6 8. Bh4
O-O 9. Bd3 Qe7 10. O-O e5 11. dxe5 Nxe5 12. Nxe5 Bxe5 13. Nf3 Bc7 14. h3 Be6 15.
Bc2 Rfd8 16. Bxf6 Qxf6 17. Qd3 g6 18. Rfd1 Bxh3 19. Qb5 b6 20. gxh3 Qxf3 21. Qc6
Rac8 22. Qb7 Qxh3 23. Rxd5 Bh2+ 24. Kh1 Bg3+ 25. Kg1 Qh2+ 26. Kf1 Qxf2# 0-1

[Event "Women's Speed Chess Q3"]
[Site "chess.com INT"]
[Date "2021.05.30"]
[Round "19"]
[White "Kiran, Manisha Mohanty"]
[Black "Socko, Monika"]
[Result "1-0"]
[WhiteTitle "WGM"]
[BlackTitle "GM"]
[WhiteElo "2168"]
[BlackElo "2421"]
[WhiteFideId "5019575"]
[BlackFideId "1106619"]
[EventDate "2021.05.30"]

1. e4 e6 2. d4 d5 3. Nc3 Nf6 4. e5 Nfd7 5. f4 c5 6. Nf3 a6 7. Be3 Qb6 8. Na4
Qa5+ 9. c3 cxd4 10. b4 Qc7 11. Nxd4 Nc6 12. Nxc6 bxc6 13. Bd3 c5 14. O-O Bb7 15.
Rc1 c4 16. Bb1 Be7 17. Qd2 O-O 18. Qf2 f5 19. exf6 Nxf6 20. Nc5 Bxc5 21. Bxc5
Rf7 22. Qe3 Re8 23. Rce1 e5 24. fxe5 Ng4 25. Qh3 Nh6 26. e6 Rxf1+ 27. Rxf1 d4
28. Bxd4 Qc6 29. Qg3 Re7 30. Bc5 Qxe6 31. Bxe7 Qxe7 32. Qb8+ 1-0

[Event "Women's Speed Chess Q3"]
[Site "chess.com INT"]
[Date "2021.05.30"]
[Round "19"]
[White "Gevorgyan, Maria"]
[Black "Gaponenko, Inna"]
[Result "1-0"]
[WhiteTitle "WGM"]
[BlackTitle "IM"]
[WhiteElo "2219"]
[BlackElo "2357"]
[WhiteFideId "13300270"]
[BlackFideId "14101181"]
[EventDate "2021.05.30"]

1. e4 g6 2. d4 Bg7 3. Nc3 d6 4. f4 a6 5. Nf3 b5 6. a4 b4 7. Nd5 a5 8. Bd3 Nd7 9.
O-O c6 10. Ne3 c5 11. c3 Ngf6 12. e5 Nh5 13. e6 fxe6 14. Ng5 Nf8 15. dxc5 bxc3
16. bxc3 Bxc3 17. Rb1 dxc5 18. Qf3 Bd7 19. Rd1 Bd4 20. Kh1 Rb8 21. Rxb8 Qxb8 22.
Nc2 Bf6 23. Bb5 Bxb5 24. axb5 h6 25. Qc6+ Nd7 26. Qxd7+ Kf8 27. Nxe6+ Kf7 28.
Qd5 Ke8 29. Qe4 Qxb5 30. Qxg6# 1-0

[Event "Women's Speed Chess Q3"]
[Site "chess.com INT"]
[Date "2021.05.30"]
[Round "19"]
[White "Zawadzka, Jolanta"]
[Black "Berend, Elvira"]
[Result "1-0"]
[WhiteTitle "WGM"]
[BlackTitle "WGM"]
[WhiteElo "2399"]
[BlackElo "2326"]
[WhiteFideId "1122320"]
[BlackFideId "4000510"]
[EventDate "2021.05.30"]

1. e3 Nf6 2. d4 g6 3. Nf3 Bg7 4. Be2 O-O 5. O-O d6 6. c4 Nbd7 7. Nc3 e5 8. b3 c6
9. Bb2 Re8 10. Qc2 Qe7 11. Rad1 Nf8 12. dxe5 dxe5 13. a3 Bf5 14. e4 Bg4 15. b4
Bxf3 16. Bxf3 Ne6 17. Ne2 Nd7 18. c5 b6 19. cxb6 Nxb6 20. Qxc6 Rac8 21. Qb5 Nc4
22. Ba1 Nxa3 23. Qa4 Nc2 24. Rd7 Qf6 25. Rxa7 Ned4 26. Bxd4 exd4 27. Nc1 Bh6 28.
Nd3 Rc3 29. Qxe8+ Kg7 30. e5 Qf5 31. Bd5 Rc7 32. Rxc7 1-0

[Event "Women's Speed Chess Q3"]
[Site "chess.com INT"]
[Date "2021.05.30"]
[Round "19"]
[White "Alboredo, Julia"]
[Black "Sikorova, Olga"]
[Result "0-1"]
[WhiteTitle "WFM"]
[BlackTitle "WGM"]
[WhiteElo "2182"]
[BlackElo "2215"]
[WhiteFideId "2124807"]
[BlackFideId "307033"]
[EventDate "2021.05.30"]

1. e4 e6 2. d4 d5 3. Bd3 dxe4 4. Bxe4 Nf6 5. Bf3 Nbd7 6. Ne2 c5 7. Be3 Be7 8.
O-O O-O 9. Nbc3 cxd4 10. Nxd4 Ne5 11. Be2 a6 12. f4 Nc6 13. Nxc6 bxc6 14. Bf3
Qc7 15. b3 Nd5 16. Bd2 Bf6 17. Nxd5 cxd5 18. c4 Bxa1 19. Qxa1 Bb7 20. Bc3 f6 21.
Kh1 dxc4 22. Bg4 Bd5 23. b4 Qb7 24. Bh3 Rfe8 25. a3 Be4 26. Re1 Bf5 27. Bxf5
exf5 28. Rd1 Re2 29. Rg1 Rae8 30. h3 R8e4 31. Qc1 R4e3 32. Kh2 Qe4 33. Bd2 Qxf4+
34. Kh1 Rxh3+ 35. gxh3 Qh2# 0-1